000 nam a22 7a 4500
999 _c8556
_d8556
005 20200106021530.0
008 200106b xxu||||| |||| 00| 0 eng d
020 _a9711340402
_bpaperback
040 _beng
_cAPEC Schools Library
_erda
082 _aF 362.509
_bC156p 1988
100 _aCallanta, Ruth S.
245 _aPoverty /
_cCallanta, Ruth S.
264 _aPhilippines :
_bBookmark, Inc.,
_c©1988.
300 _a145 pages :
_billustrations ;
336 _2rdacontent
_atext
337 _2rdamedia
_aunmediated
338 _2rdacarrier
_avolume
650 _aPoor.
650 _aRural poor.
651 _aPhilippines.
942 _2ddc
_cNFIC